| 000 | 00713nam a22001577a 4500 | ||
|---|---|---|---|
| 999 |
_c20307 _d20307 |
||
| 008 | 240516b ||||| |||| 00| 0 eng d | ||
| 020 | _a9717420068 | ||
| 082 |
_aDFil 551.457 _bP53 1997 |
||
| 245 |
_aPhilippine coastal marine habitats at risk : _ba case study of guimaras island / _cedited by Ricardo P. Babaran and Jose A. Ingles. |
||
| 260 |
_aQuezon City : _bInstitute of marine fisheries and oceanology, university of the Philippines in the Visayas; UP center for integrative and development studies, _c©1997. |
||
| 300 |
_axix, 249 pages : _billustrations ; _c26 cm. |
||
| 500 | _aIncludes references. | ||
| 650 |
_aMarine ecology. _957188 |
||
| 700 |
_aIngles, Jose A. _eeditor. _957144 |
||
| 942 |
_2ddc _cDFIL |
||